000 00422nam a2200157Ia 4500
003 GCL
008 140319s9999 xx 000 0 eng d
040 _aGCL /
_cGCL
082 0 4 _a414
_bK P
100 1 _aKISSEBERTH, CHARLES
245 1 0 _aPERSPECTIVES IN PHONOLOGY /
_cKISSEBERTH, CHARLES
260 _a[S.N] :
_bC S L I PUBLICATIONS
650 0 4 _aGRAMMAR - COMPARATIVE AND GENERD
650 0 4 _aSERIES
942 _2ddc
_cBK
999 _c11203
_d11203